Textbook of Microbiology for GNM Nursing Students (Record no. 159544)

MARC details
000 -LEADER
fixed length control field 00418nam a2200145Ia 4500
008 - FIXED-LENGTH DATA ELEMENTS--GENERAL INFORMATION
fixed length control field 230519s9999 xx 000 0 und d
020 ## - INTERNATIONAL STANDARD BOOK NUMBER
International Standard Book Number 978-93-92242-03-8
041 ## - LANGUAGE CODE
Language code of text/sound track or separate title eng
082 ## - DEWEY DECIMAL CLASSIFICATION NUMBER
Classification number M/616.01/GUP/DB0960
100 ## - MAIN ENTRY--PERSONAL NAME
Personal name Gupta Pooja
9 (RLIN) 180568
245 ## - TITLE STATEMENT
Title Textbook of Microbiology for GNM Nursing Students
260 ## - PUBLICATION, DISTRIBUTION, ETC. (IMPRINT)
Name of publisher, distributor, etc. Vision Health Sciences Publishers
Place of publication, distribution, etc. Panjab
Date of publication, distribution, etc. 2021
300 ## - PHYSICAL DESCRIPTION
Extent 124p
Holdings
Withdrawn status Lost status Damaged status Not for loan Collection code Home library Current library Date acquired Cost, normal purchase price Bill number Total Checkouts Full call number Barcode Date last seen Date last checked out Bill Date Koha item type Original Barcode Total Renewals Source of classification or shelving scheme Checked out
          Smt. Bakul Tambat Institute of Nursing Education Smt. Bakul Tambat Institute of Nursing Education 16/04/2022 225.00 55 6 M 616.01 GUP DB0960 BTIN-DB-960 19/06/2025 13/06/2025 16/04/2022 Donated Book DB0960      
          Smt. Bakul Tambat Institute of Nursing Education Smt. Bakul Tambat Institute of Nursing Education 30/11/2022 225.00 55 7 M 616.01 GUP DB1060 BTIN-DB-1060 03/02/2026 03/02/2026 16/04/2022 Donated Book DB1060 2    
          Smt. Bakul Tambat Institute of Nursing Education Smt. Bakul Tambat Institute of Nursing Education 08/08/2024 295.00 IK#2024-25#129 5 M 616.01 GUP DB1276 BTIN-DB-1276 28/08/2025 28/08/2025 07/08/2024 Donated Book DB1276 3 Dewey Decimal Classification 24/02/2026
          Smt. Bakul Tambat Institute of Nursing Education Smt. Bakul Tambat Institute of Nursing Education 22/08/2025 325.00 IK#2025-26#666 5 M 616.01 GUP DB1385 BTIN-DB-1385 05/02/2026 04/02/2026 22/08/2025 Donated Book DB1385   Dewey Decimal Classification